00452nam a2200157 a 4500008004100000020001500041050001500056100002200071245006000093246005000153260002200203350000900225650002200234650001500256700002300271120416s1982 ||||||||||||||||| || u a9221029468 aHB 846 Tar aRichards, Peter J10aTarget setting for basic needscedited by P.J. Richards athe operation of selected government services aGenevabILOc1982 a0.00 aGOVERNMENT POLICY aGOVERNMENT aLeonor, Mauricio D